Statistiques concernant Villes de France par lettre - O (Carte Quiz)

Cliquez ici pour prendre le quiz!

Statistiques générales

  • Ce quiz a été pris 10 964 fois
  • Le résultat moyen est 6 sur 10

Réponses sur la Carte

Les réponses sont colorées sur une échelle allant du rouge au vert en fonction du pourcentage des utilisateurs qui les ont devinées à leur premier essai. Vous pouvez retrouver ces pourcentages ci-dessous.
 

Statistiques - réponses

Réponse% Correct
Orléans
91%
Orly
89%
Orange
79%
Ouessant
59%
Ouistreham
58%
Oyonnax
55%
Obernai
40%
Oloron-Sainte-Marie
40%
Oullins
38%
Orvault
35%

Distribution des résultats

Percentile par nombre de réponses

% des personnes avec chaque résultat

Votre développement - résultats

Vous n’avez pas pris ce quiz